[Event "Tinaquillo Cojedes op"]
[Site "Tinaquillo"]
[Date "2022.04.02"]
[Round "4"]
[White "Franco Martinez, Franvier Jose"]
[Black "Vielma Pena, Kenjervi Jeroham"]
[Result "1-0"]
[WhiteElo "2048"]
[BlackElo "1714"]
[PlyCount "35"]
[EventDate "2022.04.01"]
[EventType "swiss"]
[EventRounds "6"]
[EventCountry "VEN"]
[SourceTitle "EXT 2023"]
[Source "ChessBase"]
[SourceDate "2022.10.05"]
[SourceVersion "1"]
[SourceVersionDate "2022.10.05"]
[SourceQuality "1"]

1. e4 c5 2. Nf3 d6 3. d4 cxd4 4. Nxd4 Nf6 5. Nc3 a6 6. Bc4 Nbd7 7. 0-0 Nc5 8. Re1 Qc7 9. Nd5 Nxd5 10. exd5 Bd7 11. Qf3 f6 12. Bd2 0-0-0 13. b4 Na4 14. Bd3 Qb6 15. Ne6 Bxe6 16. Rxe6 Qd4 17. c3 Qh4 18. g3 1-0

[Event "Tinaquillo Cojedes op"]
[Site "Tinaquillo"]
[Date "2022.04.02"]
[Round "3"]
[White "Pena Duran, Dilson Alejandro"]
[Black "Franco Martinez, Franvier Jose"]
[Result "0-1"]
[WhiteElo "1767"]
[BlackElo "2048"]
[PlyCount "64"]
[EventDate "2022.04.01"]
[EventType "swiss"]
[EventRounds "6"]
[EventCountry "VEN"]
[SourceTitle "EXT 2023"]
[Source "ChessBase"]
[SourceDate "2022.10.05"]
[SourceVersion "1"]
[SourceVersionDate "2022.10.05"]
[SourceQuality "1"]

1. d4 Nf6 2. c4 g6 3. Nf3 Bg7 4. g3 d6 5. Bg2 0-0 6. 0-0 c5 7. Nc3 Nc6 8. d5 Na5 9. Qd3 a6 10. Bg5 Bd7 11. Nd2 b5 12. b3 h6 13. Bf4 g5 14. Be3 Ng4 15. Rac1 Ne5 16. Qc2 bxc4 17. h3 cxb3 18. axb3 f5 19. f4 gxf4 20. gxf4 Ng6 21. Rf3 Nh4 22. Rg3 Nxg2 23. Rxg2 Kh8 24. Kh2 Rg8 25. Rcg1 Qb6 26. Na4 Qb4 27. Rg6 Kh7 28. R6g3 Bf6 29. Rxg8 Rxg8 30. Rxg8 Kxg8 31. Qd3 Qb5 32. Qxb5 Bxb5 0-1

[Event "Tinaquillo Cojedes op"]
[Site "Tinaquillo"]
[Date "2022.04.01"]
[Round "2"]
[White "Franco Martinez, Franvier Jose"]
[Black "Capote, Antonio Jose"]
[Result "1-0"]
[WhiteElo "2048"]
[BlackElo "1647"]
[PlyCount "47"]
[EventDate "2022.04.01"]
[EventType "swiss"]
[EventRounds "6"]
[EventCountry "VEN"]
[SourceTitle "EXT 2023"]
[Source "ChessBase"]
[SourceDate "2022.10.05"]
[SourceVersion "1"]
[SourceVersionDate "2022.10.05"]
[SourceQuality "1"]

1. e4 e6 2. d4 d5 3. Nc3 Bb4 4. e5 c5 5. a3 Ba5 6. b4 cxb4 7. Nb5 bxa3+ 8. Bd2 Bc7 9. Qg4 Kf8 10. Bb4+ Ne7 11. Qg5 Ba5 12. Bxa5 Qxa5+ 13. c3 a6 14. Rxa3 Qb6 15. Bd3 Bd7 16. Nd6 Qb2 17. Qf4 Nf5 18. Bxf5 exf5 19. Ne2 Qxa3 20. 0-0 g6 21. Qh6+ Kg8 22. Nf4 Be6 23. Ne8 Qf8 24. Nf6# 1-0

[Event "Valencia Alcance op"]
[Site "Valencia"]
[Date "2017.08.05"]
[Round "5"]
[White "Brizuela Abreu, Ronald Jesus"]
[Black "Franco Martinez, Franvier Jose"]
[Result "1-0"]
[WhiteElo "2275"]
[BlackElo "2090"]
[PlyCount "103"]
[EventDate "2017.08.04"]
[EventType "swiss"]
[EventRounds "7"]
[EventCountry "VEN"]
[SourceTitle "EXT 2018"]
[Source "ChessBase"]
[SourceDate "2017.10.13"]
[SourceVersion "1"]
[SourceVersionDate "2017.10.13"]
[SourceQuality "1"]

1. d4 Nf6 2. c4 g6 3. Nc3 Bg7 4. e4 d6 5. Be2 0-0 6. Nf3 c5 7. d5 Bg4 8. 0-0 Nbd7 9. h3 Bxf3 10. Bxf3 a6 11. Qc2 Qc7 12. Bf4 Rab8 13. a4 b6 14. Be2 Ne8 15. Bh2 g5 16. f4 gxf4 17. Rxf4 Ne5 18. Raf1 Nf6 19. Rf5 Nfd7 20. Nd1 Ng6 21. Kh1 Nde5 22. Bg3 e6 23. R5f2 Qe7 24. Bh2 Qh4 25. Ne3 Bh6 26. Ng4 Nxg4 27. Bxg4 Qe7 28. Qd3 e5 29. Rf5 Bg7 30. Bg3 Qe8 31. b3 b5 32. axb5 axb5 33. h4 bxc4 34. bxc4 Qe7 35. h5 Nf4 36. Qf3 Bh6 37. Bh3 Kh8 38. Qg4 Rg8 39. Bh4 Rxg4 40. Bxe7 Nxh3 41. gxh3 Rg3 42. Bxd6 Rxh3+ 43. Kg2 Rbb3 44. Bxe5+ Kg8 45. R1f3 Rbxf3 46. Rxf3 Rxh5 47. Rg3+ Rg5 48. Bd6 Rxg3+ 49. Kxg3 Be3 50. e5 Kg7 51. Be7 Bd4 52. Kf4 1-0

[Event "Valencia Alcance op"]
[Site "Valencia"]
[Date "2017.08.05"]
[Round "3"]
[White "Palomo, Franklin Annervys"]
[Black "Franco Martinez, Franvier Jose"]
[Result "1-0"]
[WhiteElo "2343"]
[BlackElo "2090"]
[PlyCount "37"]
[EventDate "2017.08.04"]
[EventType "swiss"]
[EventRounds "7"]
[EventCountry "VEN"]
[SourceTitle "EXT 2018"]
[Source "ChessBase"]
[SourceDate "2017.10.13"]
[SourceVersion "1"]
[SourceVersionDate "2017.10.13"]
[SourceQuality "1"]

1. Nf3 Nf6 2. g3 g6 3. Bg2 Bg7 4. 0-0 0-0 5. c4 c5 6. d4 d6 7. Nc3 Nc6 8. h3 cxd4 9. Nxd4 Nxd4 10. Qxd4 Nd7 11. Qd2 Ne5 12. b3 Be6 13. Bb2 Qd7 14. Kh2 Rac8 15. Nd5 Nc6 16. Bxg7 Kxg7 17. Ne3 f6 18. Rad1 Qc7 19. Bd5 1-0

[Event "Valencia Carabobeno"]
[Site "Valencia"]
[Date "2017.04.12"]
[Round "2"]
[White "Palencia Morales, Wilson Guillermo"]
[Black "Franco Martinez, Franvier Jose"]
[Result "1-0"]
[WhiteElo "2302"]
[BlackElo "2138"]
[PlyCount "63"]
[EventDate "2017.04.12"]
[EventType "tourn"]
[EventRounds "10"]
[EventCountry "VEN"]
[SourceTitle "CBM 178 Extra"]
[Source "ChessBase"]
[SourceDate "2017.06.22"]
[SourceVersion "1"]
[SourceVersionDate "2017.06.22"]
[SourceQuality "1"]

1. d4 Nf6 2. Nc3 d5 3. Bg5 e6 4. e4 dxe4 5. Nxe4 Be7 6. Bxf6 Bxf6 7. Nf3 0-0 8. c3 b6 9. Qc2 Nd7 10. 0-0-0 g6 11. h4 h6 12. Bb5 Bb7 13. Ne5 Bxe4 14. Qxe4 Bxe5 15. dxe5 Nc5 16. Qe3 Qe7 17. b4 c6 18. Bxc6 Rac8 19. Rd6 Rxc6 20. Rxc6 Qb7 21. Rd6 Qxg2 22. Qh3 Qxf2 23. Rd2 Qf4 24. bxc5 Qxe5 25. c6 Rc8 26. Qf3 Qc5 27. Rf1 f5 28. Qg3 Qxc6 29. Qxg6+ Kf8 30. Qf6+ Ke8 31. Rd3 Qc4 32. Rfd1 1-0

[Event "Coro Barajas Memorial U2200 1st"]
[Site "Coro"]
[Date "2016.10.14"]
[Round "3.4"]
[White "Franco Martinez, Franvier Jose"]
[Black "Zavala, Orlan"]
[Result "1-0"]
[WhiteElo "2091"]
[BlackElo "1857"]
[PlyCount "97"]
[EventDate "2016.10.13"]
[EventType "swiss"]
[EventRounds "6"]
[EventCountry "VEN"]
[SourceTitle "EXT 2022"]
[Source "ChessBase"]
[SourceDate "2021.10.06"]
[SourceVersion "1"]
[SourceVersionDate "2021.10.06"]
[SourceQuality "1"]

1. e4 e6 2. d4 d5 3. Nc3 Nf6 4. Bg5 dxe4 5. Nxe4 Nbd7 6. Nf3 Be7 7. Nxf6+ Nxf6 8. Bd3 0-0 9. 0-0 b6 10. Qe2 Bb7 11. Rad1 Qd5 12. c4 Qa5 13. Ne5 Rad8 14. Bb1 c5 15. d5 exd5 16. Qc2 g6 17. cxd5 Bxd5 18. Rxd5 Nxd5 19. Nc6 Qb5 20. Nxe7+ Kg7 21. Nf5+ Kg8 22. Bxd8 Rxd8 23. Ne3 Nf4 24. Qc4 Ne2+ 25. Kh1 Qxb2 26. Nd5 Nd4 27. a4 Ne6 28. Ba2 a6 29. Rb1 Qxf2 30. Rf1 Qd4 31. Nxb6 Qd2 32. Nd5 Rb8 33. Ne7+ Kg7 34. Qh4 Ng5 35. Qf4 Qxf4 36. Rxf4 Rb2 37. h4 Rxa2 38. hxg5 Rd2 39. Rc4 Rd7 40. Nc6 Rd5 41. a5 Kf8 42. Nb8 Ke8 43. Nxa6 Rxg5 44. Nxc5 Rd5 45. a6 Rd8 46. Re4+ Kf8 47. a7 Ra8 48. Nd7+ Kg7 49. Ra4 1-0

[Event "Acarigua Darroman Cotilla Memorial"]
[Site "Acarigua"]
[Date "2016.09.23"]
[Round "1.7"]
[White "Franco Martinez, Franvier Jose"]
[Black "Pastran Gonzalez, Angel Enrique"]
[Result "1-0"]
[WhiteElo "2076"]
[BlackElo "1565"]
[PlyCount "47"]
[EventDate "2016.09.23"]
[EventType "swiss"]
[EventRounds "6"]
[EventCountry "VEN"]
[SourceTitle "EXT 2022"]
[Source "ChessBase"]
[SourceDate "2021.10.06"]
[SourceVersion "1"]
[SourceVersionDate "2021.10.06"]
[SourceQuality "1"]

1. e4 c5 2. Nf3 d6 3. d4 cxd4 4. Nxd4 Nf6 5. Nc3 a6 6. Be3 e6 7. Be2 Be7 8. 0-0 0-0 9. f4 b5 10. Bf3 Bb7 11. e5 Nd5 12. Nxd5 Bxd5 13. Bxd5 exd5 14. Nf5 dxe5 15. Qxd5 Nd7 16. fxe5 Kh8 17. Rad1 Nb6 18. Qe4 Nd7 19. Qb7 Bc5 20. Rxd7 Bxe3+ 21. Nxe3 Qe8 22. Rdxf7 Rg8 23. Nd5 Qxe5 24. Qxa8 1-0

[Event "Falcon Garcia Memorial 9th"]
[Site "Falcon"]
[Date "2014.11.08"]
[Round "6"]
[White "Franco Martinez, Franvier Jose"]
[Black "Betancourt, Jose"]
[Result "1-0"]
[WhiteElo "2043"]
[BlackElo "1992"]
[PlyCount "87"]
[EventDate "2014.11.06"]
[EventType "swiss"]
[EventRounds "7"]
[EventCountry "VEN"]
[SourceTitle "CBM 163 Extra"]
[Source "ChessBase"]
[SourceDate "2014.12.23"]
[SourceVersion "1"]
[SourceVersionDate "2014.12.23"]
[SourceQuality "1"]

1. e4 d6 2. d4 Nf6 3. Nc3 e5 4. dxe5 dxe5 5. Qxd8+ Kxd8 6. Nf3 Bd6 7. Bc4 Be6 8. Bxe6 fxe6 9. Be3 Nbd7 10. 0-0-0 Ke7 11. Rd2 h6 12. a3 a6 13. h3 b5 14. Rhd1 Rhb8 15. Na2 Nxe4 16. Re2 Nef6 17. Nb4 Bxb4 18. axb4 Nd5 19. c3 Kf6 20. Nd2 a5 21. Ne4+ Kf7 22. bxa5 Rxa5 23. Kc2 Rba8 24. Nc5 Nxe3+ 25. Rxe3 Nxc5 26. Rxe5 Nb7 27. Rd7+ Kf6 28. Re3 b4 29. Rf3+ Rf5 30. Rxf5+ exf5 31. Rxc7 Nd6 32. c4 Rc8 33. Rxc8 Nxc8 34. Kb3 Ke5 35. Kxb4 Kd4 36. b3 Na7 37. h4 g5 38. h5 g4 39. g3 Nc6+ 40. Kb5 Ne5 41. c5 Nd3 42. c6 Nxf2 43. c7 Ne4 44. Kc6 1-0

[Event "Falcon Garcia Memorial 9th"]
[Site "Falcon"]
[Date "2014.11.07"]
[Round "3"]
[White "Franco Martinez, Franvier Jose"]
[Black "Blanco, Cristofer"]
[Result "1/2-1/2"]
[WhiteElo "2043"]
[BlackElo "1940"]
[PlyCount "61"]
[EventDate "2014.11.06"]
[EventType "swiss"]
[EventRounds "7"]
[EventCountry "VEN"]
[SourceTitle "CBM 163 Extra"]
[Source "ChessBase"]
[SourceDate "2014.12.23"]
[SourceVersion "1"]
[SourceVersionDate "2014.12.23"]
[SourceQuality "1"]

1. e4 g6 2. d4 Bg7 3. Nf3 Nf6 4. e5 Ne4 5. Bd3 d5 6. 0-0 c5 7. c3 Nc6 8. Nbd2 Bf5 9. Qe2 cxd4 10. cxd4 Qb6 11. Nxe4 dxe4 12. Bxe4 Nxd4 13. Nxd4 Qxd4 14. Bxf5 gxf5 15. Be3 Qxe5 16. f4 Qxb2 17. Qxb2 Bxb2 18. Rab1 Bf6 19. Rxb7 0-0 20. Rd1 Rfb8 21. Rdd7 Rxb7 22. Rxb7 a5 23. a4 Rd8 24. Rb5 Rd1+ 25. Kf2 Bc3 26. Bb6 Ra1 27. Bxa5 Bd4+ 28. Ke2 Rxa4 29. Rxf5 f6 30. Bd2 Kg7 31. Ra5 1/2-1/2

[Event "Acarigua Arteaga 1st"]
[Site "Acarigua"]
[Date "2012.06.15"]
[Round "3"]
[White "Franco Martinez, Franvier Jose"]
[Black "Soto, Christian Camilo"]
[Result "0-1"]
[WhiteElo "1924"]
[BlackElo "2125"]
[PlyCount "78"]
[EventDate "2012.06.14"]
[EventType "swiss"]
[EventRounds "7"]
[EventCountry "VEN"]
[SourceTitle "EXT 2022"]
[Source "ChessBase"]
[SourceDate "2021.10.06"]
[SourceVersion "1"]
[SourceVersionDate "2021.10.06"]
[SourceQuality "1"]

1. e4 d6 2. d4 g6 3. Nc3 Bg7 4. Nf3 Nd7 5. Bc4 e5 6. dxe5 Nxe5 7. Nxe5 Bxe5 8. f4 Bg7 9. 0-0 Ne7 10. f5 gxf5 11. exf5 Nxf5 12. Qh5 Qf6 13. Rf4 Qg6 14. Qe2+ Be6 15. Bxe6 fxe6 16. Qb5+ Ke7 17. Qxb7 Bd4+ 18. Kh1 Bb6 19. Qe4 Kd7 20. Rg4 Qf7 21. Na4 Rag8 22. Rxg8 Rxg8 23. Nxb6+ axb6 24. Bd2 Ne7 25. Qf3 Qxf3 26. gxf3 Nf5 27. Rg1 Rxg1+ 28. Kxg1 Nd4 29. Kf2 Nxc2 30. Bc3 b5 31. Ke2 b4 32. Bh8 e5 33. f4 exf4 34. Kf3 c5 35. Kxf4 d5 36. Kf3 Kc6 37. Ke2 d4 38. Kd3 Ne1+ 39. Kc4 d3 0-1

[Event "Barquisimeto-ch Fundela"]
[Site "Barquisimeto"]
[Date "2012.05.28"]
[Round "2"]
[White "Franco Martinez, Franvier Jose"]
[Black "Aponte Montes de Oca, Oriana Isabel"]
[Result "0-1"]
[WhiteElo "1924"]
[BlackElo "1948"]
[PlyCount "41"]
[EventDate "2012.05.27"]
[EventType "swiss"]
[EventRounds "7"]
[EventCountry "VEN"]
[SourceTitle "EXT 2022"]
[Source "ChessBase"]
[SourceDate "2021.10.06"]
[SourceVersion "1"]
[SourceVersionDate "2021.10.06"]
[SourceQuality "1"]

1. e4 c5 2. Nf3 d6 3. d4 cxd4 4. Nxd4 Nf6 5. Nc3 e6 6. Bc4 a6 7. a4 b6 8. 0-0 Be7 9. f4 0-0 10. f5 e5 11. Nb3 Bb7 12. Nd5 Nxd5 13. Bxd5 Bxd5 14. Qxd5 Nd7 15. Qd3 Qc7 16. Rf2 Rfc8 17. Qf3 Qb7 18. Re2 Rc4 19. c3 Qc6 20. a5 Ra4 21. axb6 0-1